00660nam a2200241 a 4500001001300000003000900013005001700022008004100039020000800080082001500088100002000103245002800123260003000151300000800181500003500189505001000224650002200234700002000256902000800276942000700284952011200291999001500403nice12345678IN_TiNIC20260116012816.0050524s1986 kera grp 000 0 eng  ac900a269.2bHAK aHakeem, A Abdul aOn the Way of the Cross aKeralabNur-Ul-Alamc1986 a29p aincludes index and biblioraphy2 aNotes aEvangelistic Work1 aHakeem, A Abdul bSRS cBK 001040708StackRoom-aHMIbHMId2007-07-13g9.00l0o269.2 HAKp012496r2007-07-13v9.00w2005-05-24yBK c8460d8460